Cooperación e integración internacional en el transporte aéreo y algunas de sus fórmulas contractuales prácticas

Guardat en:
Dades bibliogràfiques
Autor principal: Mapelli López, Enrique (autor)
Format: Llibre
Idioma:espanyol
Publicat: Caracas Universidad de Carabobo 1974
Matèries:
Etiquetes: Afegir etiqueta
Sense etiquetes, Sigues el primer a etiquetar aquest registre!

MARC

LEADER 00000nam a2200000 a 4500
001 UCQ0171
003 CL-VaPUC
008 980627e19740000VE |||||||||||||||||spa|d
082 0 4 |a 341.756  |b MAP  |2 21 
100 |a Mapelli López, Enrique  |e autor  |9 413216 
245 1 0 |a Cooperación e integración internacional en el transporte aéreo y algunas de sus fórmulas contractuales prácticas 
300 |a 125 p 
942 |c BK 
945 |d 19980627 00:00:00  |a cmena 
260 |a Caracas  |b Universidad de Carabobo  |c 1974 
650 7 |a AVIACION COMERCIAL  |2 CL-VaPUC  |9 260764 
650 0 |a Derecho y legislación   |9 255077 
650 0 |a Derecho aéreo  |9 260765 
650 0 |a Contratos  |9 255153 
650 7 |a DERECHO INTERNACIONAL PUBLICO  |2 CL-VaPUC  |9 413217 
650 0 |a Cooperación internacional  |9 255447 
583 |a last modification  |c 19980627 00:00:00  |k Rodrigo Vera 
999 |c 271310  |d 271308 
952 |0 0  |1 0  |4 0  |6 341_756000000000000_MAP_1974  |7 0  |8 A  |9 305926  |a BIBGIM  |b BIBGIM  |d 2019-11-20  |i 1422596  |o 341.756 MAP 1974  |p 1422596  |r 2025-01-15  |w 2019-11-20  |y BK  |k COM